000 00464nam a2200157 i 4500
001 72588
003 ES-MaACL
005 20230906171501.0
007 t|
008 040902s1973 sp ||||1| spa d
100 1 _aGobelas.
_957485
245 1 0 _aSe fue con prisas a la montaña
_b: los hechos de Garabandal /
_cpresentados por Gobelas.
260 _aZaragoza :
_bCírculo,
_c[1973]
300 _a246 p., 4 lám. ;
_c19 cm.
852 _aES-MaACL
_jC-52032
_bR.85875
999 _c72588
_d72588